Freguesias do Porto - Statistics

Estatísticas Gerais
  • Esse quiz foi jogado 108 vezes
  • A pontuação média é 8 de 15
Estatísticas das Respostas
Número Freguesia % Correto
3 Campanhã
75%
10 Paranhos
71%
5 Foz do Douro
70%
11 Ramalde
61%
13
61%
4 Cedofeita
59%
1 Aldoar
54%
9 Nevogilde
54%
2 Bonfim
50%
7 Massarelos
50%
8 Miragaia
46%
12 Santo Ildefonso
46%
6 Lordelo do Ouro
41%
14 São Nicolau
36%
15 Vitória
32%
Nenhum quiz correspondente encontrado
Distribuição das Pontuações
Porcentagem de Pessoas com Cada Pontuação
Percentil de Números Respondidos
Sua Pontuação Histórica
Você não jogou esse quiz